Nano modified multi - functional cementitions motar with hybrid intrusions of cnts and gnps / (Record no. 526077)

000 -LEADER
fixed length control field 00538nam a22001697a 4500
003 - CONTROL NUMBER IDENTIFIER
control field NUST
020 ## - INTERNATIONAL STANDARD BOOK NUMBER
Qualifying information Hardcover.
038 ## - RECORD CONTENT LICENSOR
Staff Name Mr. Zahoor
082 ## - DEWEY DECIMAL CLASSIFICATION NUMBER
Classification number 624.1
100 ## - MAIN ENTRY--PERSONAL NAME
Personal name Akbar, Arslan
9 (RLIN) 17043
245 ## - TITLE STATEMENT
Title Nano modified multi - functional cementitions motar with hybrid intrusions of cnts and gnps /
Statement of responsibility, etc. Arslan Akbar
260 ## - PUBLICATION, DISTRIBUTION, ETC.
Place of publication, distribution, etc. Islamabad :
Name of publisher, distributor, etc. SCEE - NUST,
Date of publication, distribution, etc. 2018.
300 ## - PHYSICAL DESCRIPTION
Extent vii, 64 p. : ill. ;
Dimensions 30cm.
650 ## - SUBJECT ADDED ENTRY--TOPICAL TERM
Topical term or geographic name entry element Structural Engineering - MS Thesis
9 (RLIN) 17039
700 ## - ADDED ENTRY--PERSONAL NAME
Personal name Dr. Rao Arslan Khushnood
9 (RLIN) 17044
942 ## - ADDED ENTRY ELEMENTS (KOHA)
Source of classification or shelving scheme
Koha item type Thesis
Holdings
Withdrawn status Lost status Source of classification or shelving scheme Damaged status Not for loan Permanent Location Current Location Shelving location Date acquired Total Checkouts Full call number Barcode Date last seen Price effective from Koha item type
          Central Library (CL) Central Library (CL) Thesis 07/08/2019   624.1 CL-T-2016 07/10/2019 07/08/2019 Thesis
© 2023 Central Library, National University of Sciences and Technology. All Rights Reserved.